000 00516cam a2200169 a 4500
001 000000960
005 20200929145443.0
008 751219s1964 nyu 000 0 ger
040 _aDO-SdBNP
_bspa
_cBNPHU
082 _ass
_bH376w
100 1 _aHausmann, Manfred,
_d1898-
_93384
245 1 0 _aWas dir nicht angehort /
_cedited by Paul Krauss.
260 _aNew York :
_bHolt, Rinehart and Winston,
_c1964.
300 _a158, xxxvi p. ;
_c17 cm.
650 4 _aLenguas germánicas
_93385
650 4 _aAlemán
_xLectores
_93386
999 _c949
_d949